00511nam a2200145Ia 4500008004100000020001500041050002500056100002900081245009500110250001900205260003800224300003700262650003400299700003200333120626s9999 xx 000 0 und d a9688871796 aNC1000 bS3518 1992 aSanders, Norman eautor  aManual de producción del diseñador gráfico c/ Norman, Sanders y William, Bevington a3a. edición  aMéxicob: Gustavo Gilic, 1992  a212 páginas b: ilustraciones  0aARTES GRÁFICAS vTÉCNICA  aBevington, William eautor